01371nam a2200289 a 4500001001200000003000800012006001900020007001500039008004100054020001800095020002700113040002100140035002100161050002500182110003300207245028900240260005000529300003700579533015200616650004700768650003300815655002900848710004200877710001700919856012600936999001901062ebr10531013CaPaEBRm u cr cn|||||||||120221s2012 sz a s 000 0 eng d z9789221254485 z9789221254492 (e-book) aCaPaEBRcCaPaEBR a(OCoLC)78577946814aRC965.A5bI58 2012eb2 aInternational Labour Office.10aErgonomic checkpoints in agricultureh[electronic resource] :bpractical and easy-to-implement solutions for improving safety, health and working conditions in agriculture /cprepared by the International Labour Office ; in collaboration with the International Ergonomics Association. aGeneva :bInternational Labour Office,c2012. axxvi, 234 p. :bill. (some col.) aElectronic reproduction.bPalo Alto, Calif. :cebrary,d2011.nAvailable via World Wide Web.nAccess may be limited to ebrary affiliated libraries. 0aAgricultural laborersxHealth and hygiene. 0aWorkxPhysiological aspects. 7aElectronic books.2local2 aInternational Ergonomics Association.2 aebrary, Inc.40uhttp://site.ebrary.com/lib/rucke/Doc?id=10531013zAn electronic book accessible through the World Wide Web; click to view c234092d234092